Регионална библиотека "Любен Каравелов" - Русе

Марлене (Запис номер 322686)

MARC детайли
000 -Лидер
Контролно поле с фиксирана дължина 00871aam a2200289 a 4500
003 - Код на организацията, давaща контролен номер
Контролно поле BLK
005 - Дата и час на последна редакция
Контролно поле 20250703095822.0
008 - Елементи от данни с фиксирана дължина
fixed length control field 181012b bu ||||| |||| 00| 0 bu d
020 ## - Международен стандартен номер на книга ISBN
Международен стандартен номер на книга ISBN 978-954-357-359-2
040 ## - Източник на каталожния запис
Идентификатор на билиотеката - собственик на записа BLK
041 ## - Код за език
Код за езика на текст/звукозапис или на отделно заглавие Български
Код за езика КДБФ Български
080 ## - УДК
Текстов определител УДК Немска литература
УДК код - определител по УДК 821.112.2
УДК определител 821.112.2
УДК - код + определител 821.112.2-31
100 ## - Редна дума - Автор
Автор Мюнцер, Хани
Авторска отговорност първи автор
R(LIN) 1299
139 ## - Редно поле
Авторски знак Мю - М 98
Редна дума Мюнцер, Хани
245 ## - Сведения за заглавието
Заглавие Марлене
Подзаглавни данни Роман
Редно поле (дума) Хани Мюнцер
260 ## - Област на издателските данни
Име на издателя, разпространителя и проч. Емас
Година на издаване 2018
Място на издаване, разпространение и проч. София
300 ## - Физическа характеристика
Страници 536 с.
Размери/Мащаб 22 см
380 ## - Жанр
Жанр Худож. лит.
700 ## - Други автори (авторска отговорност)
9 (RLIN) 248691
Лично име Стефанова, Величка
Автороска отговорност (Описва отношението между автора и произведението) прев. от нем.
999 ## - СИСТЕМНИ КОНТРОЛНИ НОМЕРА
Koha biblionumber 322686
Koha biblioitemnumber 322686
942 ## - АРТИКУЛИ
Вид на библиотечния материал Книги
Източник на класификационната схема Universal Decimal Classification
Скрит в OPAC Не
Koha issues (borrowed), all copies 27
999 ## - СИСТЕМНИ КОНТРОЛНИ НОМЕРА
Koha biblioitemnumber 322686
999 ## - СИСТЕМНИ КОНТРОЛНИ НОМЕРА
Koha biblioitemnumber 322686
999 ## - СИСТЕМНИ КОНТРОЛНИ НОМЕРА
Koha biblioitemnumber 322686
999 ## - СИСТЕМНИ КОНТРОЛНИ НОМЕРА
Koha biblioitemnumber 322686
999 ## - СИСТЕМНИ КОНТРОЛНИ НОМЕРА
Koha biblioitemnumber 322686
944 ## - СЪЗДАВАНЕ И РЕДАКЦИЯ на ЗАПИСА
Служител, извършил регистрацията/редакцията 30530
Статус, дата на статуса Минев Младен
Наличности
Код за отписване Код за изгубен артикул Източник на класификационната схема Код за повреда Коз за рестрикции Код за отдаване Артикулен № Име на библиотеката - собственик Име на библиотеката, в която се намира в момента Статус (Текущо местоположение) Дата на вписване в системата Местоположение - отдел Цена в лева Инвентарен номер Систематично азбучна сигнатура Баркод Цена в евро Служебен тип на артикула
  Не е изгубен Universal Decimal Classification Не е повреден без рестрикции заемане за дома 677166 Регионална библиотека "Любен Каравелов" Русе Регионална библиотека "Любен Каравелов" Русе Заемна - подръчен фонд 2018-06-05 Заемна - подръчен фонд 14.92 120000820511 П 830-31/М 98 120000820511 7.63 Книги
  Не е изгубен Universal Decimal Classification Не е повреден без рестрикции ползва се в читалня 780001 Регионална библиотека "Любен Каравелов" Русе Регионална библиотека "Любен Каравелов" Русе Хранилище 2020-07-03 Хранилище 19.90   Цб 299400 120000843985 10.17 Книги
Vip Innovations Ltd, Rousse, Bulgaria 2025